New York Jets 2024 Preseason Roster - Statistics

General Stats
  • This quiz has been taken 14 times
  • The average score is 31 of 95
Answer Stats
Position College Answer % Correct
QB Cal Aaron Rodgers
92%
RB Iowa State Breece Hall
92%
RB Wisconsin Braelon Allen
85%
WR Iowa Brandon Smith
85%
WR Ohio State Garrett Wilson
85%
WR Clemson Mike Williams
85%
LB Murray State Quincy Williams
85%
DT Alabama Quinnen Williams
85%
CB Cincinnati Sauce Gardner
85%
QB Virginia Tech Tyrod Taylor
85%
OT USC Tyron Smith
85%
CB Kansas State DJ Reed
77%
TE Ohio State Jeremy Ruckert
77%
LB Florida State Jermaine Johnson
77%
DT Miami (FL) Leonard Taylor III
77%
WR Ferris State Malik Taylor
77%
P SMU Thomas Morstead
77%
TE Central Michigan Tyler Conklin
77%
S Cal Ashtyn Davis
69%
LB Alabama CJ Mosley
69%
RB South Dakota State Isaiah Davis
69%
C Wisconsin Joe Tippman
69%
WR Stephen F. Austin Xavier Gipson
69%
WR Iowa State Allen Lazard
62%
K Missouri Western Greg Zuerlein
62%
QB Florida State Jordan Travis
62%
CB Duke Michael Carter II
62%
OT Virginia Morgan Moses
62%
S Illinois Tony Adams
62%
G USC Alijah Vera-Tucker
54%
LB Auburn Jamien Sherwood
54%
WR Western Kentucky Malachi Corley
54%
DE Stanford Solomon Thomas
54%
S Virginia Tech Chuck Clark
46%
G Clemson John Simpson
46%
OT Penn State Olu Fashanu
46%
DE Iowa State Will McDonald IV
46%
QB Kansas State Adrian Martinez
38%
DE Temple Haason Reddick
38%
DE Texas A&M Micheal Clemons
38%
WR Indiana (PA) Irvin Charles
31%
RB Pitt Israel Abanikanda
31%
TE Ole Miss Kenny Yeboah
31%
CB N/A Qwan'tez Stiggers
31%
LS Duke Thomas Hennessy
31%
DE Michigan Braiden McGregor
23%
CB Kentucky Brandin Echols
23%
LB UNC Chazz Surratt
23%
WR Southern Miss Jason Brownlee
23%
OT Louisiana Max Mitchell
23%
RB Duke Deon Jackson
15%
S Colorado Isaiah Oliver
15%
DT South Carolina Javon Kinlaw
15%
TE Old Dominion Zack Kuntz
15%
QB Wyoming Andrew Peasley
8%
OT Pitt Carter Warren
8%
DE UConn Eric Watts
8%
S Alabama Jaylen Key
8%
DT Utah Leki Fotu
8%
LB Indiana Marcelino McRary-Ball
8%
LB Texas Tech Sam Eguavoen
8%
DT Tulane Tanzel Smart
8%
G Baylor Xavier Newman
8%
LB Western Michigan Zaire Barnes
8%
S Duke Al Blades Jr.
0%
TE Harvard Anthony Firkser
0%
LB Texas A&M Anthony Hines III
0%
OT LSU Austin Deculus
0%
K Oklahoma Austin Seibert
0%
G Arkansas Brady Latham
0%
CB NC Central Brandon Codrington
0%
DT USF Bruce Hector
0%
G Virginia Chris Glaser
0%
WR East Carolina Isaiah Winstead
0%
LB Cal Jackson Sirmon
0%
C Oregon Jake Hanson
0%
DE Ohio State Jalyn Holmes
0%
S Tulane Jarius Monroe
0%
CB LSU Jarrick Bernard-Converse
0%
DT Pitt Jaylen Twyman
0%
LB Army Jimmy Ciarlo
0%
CB Ohio State Kendall Sheffield
0%
G Hawaii Kohl Levao
0%
WR Montana State Lance McCutcheon
0%
TE South Alabama Lincoln Sefcik
0%
WR Florida A&M Marcus Riley
0%
CB San Jose State Nehemiah Shelton
0%
OT TCU Obinna Eze
0%
CB Georgia Southern Shemar Bartholomew
0%
DE UCLA Takkarist McKinley
0%
CB Georgia Tech Tre Swilling
0%
WR Miami (FL) Tyler Harrell
0%
G San Jose State Wes Schweitzer
0%
OT Louisville Willie Tyler III
0%
RB Arizona State Xazavian Valladay
0%
No matching quizzes found
Score Distribution
Percent of People with Each Score
Percentile by Number Answered
Your Score History
You have not taken this quiz